000 00441nam a22001697a 4500
003 NUST - PNEC
005 20170116181155.0
008 160111b xxu||||| |||| 00| 0 eng d
020 _a-
040 _cLIBRARY
082 _a891.4393 AZA
100 _915815
_aAzad, Abul Kalam
245 _aIntekhabil hilal (Urdu)
_cAbul Kalam Azad
260 _aLahore:
_bNaqoosh press;
650 _915816
_aUrdu Literature
_xGeneral
942 _2ddc
_cBK
999 _c71151
_d71151